América Latina y el desafío del tercer milenio: educación de mejor calidad con menores costos /

محفوظ في:
التفاصيل البيبلوغرافية
المؤلف الرئيسي: Aguerrondo, Inés (Autora)
التنسيق: كتاب
اللغة:Spanish
سلاسل:Documentos PREAL
الوسوم: إضافة وسم
لا توجد وسوم, كن أول من يضع وسما على هذه التسجيلة!

MARC

LEADER 00000nam a22000007a 4500
003 cru CIDCACS
005 20240705170115.0
008 240503b |||||||| |||| 00| 0 spa d
040 |c cru CIDCACS 
100 1 |a Aguerrondo, Inés  |9 12001  |e Autora 
245 1 |a América Latina y el desafío del tercer milenio:  |b educación de mejor calidad con menores costos /  |c Inés Aguerrondo 
300 |a 27 páginas 
773 0 |0 45714  |9 11083  |d Providencia, Chile: PREAL  |o 17550  |t Documentos / 
830 |a Documentos PREAL  |9 12234 
942 |2 ddc  |c PP 
999 |c 45715  |d 45715